Statistik utama : Kuala Lumpur
| Format: | Book |
|---|---|
| Published: |
Kuala Lumpur :
Jabatan Perangkaan Malaysia Kuala Lumpur ,
2009-
|
| Subjects: |
MARC
| LEADER | 00000cam a2200000 7i4500 | ||
|---|---|---|---|
| 001 | 0000003930 | ||
| 005 | 20111125.0 | ||
| 022 | 0 | 0 | |a 1985-9074 |
| 090 | 0 | 0 | |a 315.95116 |b SUKL 2009 |
| 245 | 1 | 0 | |a Statistik utama : |b Kuala Lumpur |
| 260 | 0 | 0 | |a Kuala Lumpur : |b Jabatan Perangkaan Malaysia Kuala Lumpur , |c 2009- |
| 300 | |a vii.82 p : |b .ill (col) ; |c 21 cm. | ||
| 500 | 0 | 0 | |a Annual |
| 650 | 0 | 0 | |a Kuala Lumpur |x Statistics, Vital |x Periodicals |
| 650 | 0 | 0 | |a Kuala Lumpur |x Statistics |x Periodicals |
| 850 | |a JPSM (2009) | ||
| 999 | |a 007701 |b Monograph |c Open Shelf |e Default branch | ||